=LDR 00000nam 2200000 4500 =001 INLIS000000000027515 =005 20130612125902 =008 ***********************************Ind** =035 ##$$0010-061300000027515 =041 ##$$a Ind =082 ##$$a 770 =090 ##$$a 770, Giw p =100 ##$$a Giwanda,Griand =245 ##$$a Panduan praktis menciptakan foto menarik, Grian Giwanda;Penyunting,Benedicta s Florensia =260 ##$$a 2004 $b Jakarta =300 ##$$a vi,78 hlm, ilus, 23 cm =650 ##$$a Fotografi =700 ##$$a Florensia,Benedicta s =850 ##$$a NBPNMAT